000 00781nam a22002177a 4500
999 _c12701
_d12701
003 AR-CdUCM
008 190409b ||||| |||| 00| 0 spa d
040 _aMUNICIPALIDAD PROVINCIAL DEL CUSCO
_cBIBLIOTECA MUNICIPAL DEL CUSCO
082 _a301.158 /
_bF64
100 _aFlores, Fernando Jorge
_97445
245 _aRebelión Juvenil y cambio social /
260 _aBuenos Aires :
_bAméricalee,
_c1973.
300 _a199 paginas ;
_c20 cm.
505 _aContenido :El sistema esta podrido -- La rebelión hippie -- El retorno a las tribus -- El cambio no violento -- Política y religión.
650 _aCambio social
_95168
650 _aJuventud
_94964
650 _aPolitica
_9291
650 _aViolencia juvenil
_930701
942 _2ddc
_cLIBROS
945 _awnts
_d2019-04-09